|
|
|
|
| LEADER |
00000cam a2200000 7i4500 |
| 001 |
0000013349 |
| 005 |
20080111.0 |
| 008 |
080111 |
| 020 |
|
|
|a 9830981983
|
| 090 |
0 |
0 |
|a 297.22
|b TUJ
|
| 245 |
1 |
0 |
|a 77 cabang iman dan pembatalannya
|c Susunan Abu Mu'tashim Billah
|
| 260 |
|
|
|a Selangor :
|b Pustaka Ilmi ,
|c 1999
|
| 650 |
|
0 |
|a Faith (Islam)
|
| 650 |
|
0 |
|a Islam
|x Doctrines
|
| 700 |
0 |
|
|a Abu Mu'tashim Billah
|
| 740 |
0 |
|
|a Tujuh puluh tujuh cabang iman dan pembatalannya
|
| 999 |
|
|
|a 0001008242
|b Book
|c Adult Collection
|e Perbadanan Perpustakaan Awam Johor
|
| 999 |
|
|
|a 0001008243
|b Book
|c Adult Collection
|e Perbadanan Perpustakaan Awam Johor
|
| 999 |
|
|
|a 0001008244
|b Book
|c Adult Collection
|e Perbadanan Perpustakaan Awam Johor
|